000 00345nam a2200121Ia 4500
008 150610s9999 xx 000 0 und d
020 _a9780140168129
050 _aPS3521
_b.E735B5 1981
100 _aKerouac, Jack, 1922-1969
245 _aBig Sur /
_cJack Kerouac.
260 _aNew York :
_bPenguin Group,
_c1981.
300 _a212pages ;
_c20 cm.
999 _c287871
_d287871